H-II rocket
Uloženo v:
| Korporativní autor: | |
|---|---|
| Médium: | Kniha |
| Jazyk: | Undetermined |
| Vydáno: |
Tokyo
National Space Development Agency of Japan
1994
|
| Témata: | |
| Tagy: |
Přidat tag
Žádné tagy, Buďte první, kdo otaguje tento záznam!
|
| Thư viện lưu trữ: | Trung tâm Học liệu Trường Đại học Cần Thơ |
|---|
| LEADER | 00582nam a2200205Ia 4500 | ||
|---|---|---|---|
| 001 | CTU_98171 | ||
| 008 | 210402s9999 xx 000 0 und d | ||
| 082 | |a 629.432 | ||
| 082 | |b N277 | ||
| 110 | |a National Space Development Agency of Japan | ||
| 245 | 0 | |a H-II rocket | |
| 245 | 0 | |c National Space Development Agency of Japan | |
| 260 | |a Tokyo | ||
| 260 | |b National Space Development Agency of Japan | ||
| 260 | |c 1994 | ||
| 650 | |a Launching,Rocket | ||
| 650 | |x Engineering | ||
| 650 | |z Japan | ||
| 904 | |i Năm | ||
| 980 | |a Trung tâm Học liệu Trường Đại học Cần Thơ | ||